| 000 | 00389nam a2200145 a 4500 | ||
|---|---|---|---|
| 005 | 20140513081057.0 | ||
| 008 | 080110s19uu xx 00 eng d | ||
| 050 |
_aVCD _bKi46 2003 |
||
| 245 | _aKids' Favourite songs 2/. | ||
| 260 |
_aPhilippines : _bSesame Street, _c2003. |
||
| 440 | _aSesame street | ||
| 500 | _aApproximately 45 minutes | ||
| 650 | _aSongs-children. | ||
| 999 |
_c116613 _d116613 |
||